[Event "TCh-ESP Div Honor 2023"]
[Site "Linares ESP"]
[Date "2023.09.20"]
[Round "5.3"]
[White "Van Foreest, Jorden"]
[Black "Praggnanandhaa, R.."]
[Result "1/2-1/2"]
[WhiteElo "2699"]
[BlackElo "2727"]
[PlyCount "229"]
[EventDate "2023.09.16"]
[WhiteTeam "Andreu Paterna"]
[BlackTeam "C.A. Solvay"]

1. d4 Nf6 2. c4 e6 3. Nc3 Bb4 4. e3 O-O 5. Bd2 d5 6. Nf3 b6 7. a3 Bxc3 ({RR} 7... Be7 8. Nxd5 exd5 9. Rc1 Ba6 10. Qa4 c5 11. dxc5 bxc5 12. Bc3 Ne4 13. Be5 Bxc4 14. Bxc4 dxc4 15. Qxc4 Nf6 16. O-O Nbd7 17. Bc3 Nb6 18. Qe2 Qd5 19. Rfd1 Qe6 20. Ba5 Rfd8 21. Nd2 Rd7 22. Nf3 {Nakamura,H (2745)-Duda,J (2730) Chess.com INT 2019 0-1}) 8. Bxc3 a5 ({RR} 8... Ba6 9. Qa4 c6 10. Rc1 dxc4 11. Be2 b5 12. Qc2 Nbd7 13. b3 cxb3 14. Qxb3 c5 15. dxc5 Nxc5 16. Qb1 Nd5 17. Bd4 Qa5+ 18. Kf1 Na4 19. Ng5 g6 20. h4 Rfc8 21. h5 Rxc1+ 22. Qxc1 Rc8 23. Qxc8+ {Petriashvili,N (2468)-Leitao,R (2596) chess.com INT 2025 1-0 (32)}) 9. b3 $146 ({RR} 9. Bd3 Ba6 10. cxd5 Bxd3 11. Qxd3 Nxd5 12. Rc1 f6 13. O-O Re8 14. e4 Nf4 15. Qd2 e5 16. d5 Na6 {½-½ (16) Lozar,I-Sai,R Maribor 2012}) 9... Ba6 10. Be2 a4 11. Nd2 axb3 12. Qxb3 c5 13. O-O Nc6 14. Qb2 cxd4 15. Bxd4 Nxd4 16. Qxd4 dxc4 17. Qxd8 Rfxd8 18. Nxc4 Rac8 19. Rfc1 Rc5 20. Rab1 g5 21. Rxb6 Bxc4 22. Rxc4 Rxc4 23. Bxc4 Rd1+ 24. Bf1 Ne4 25. g4 Nd2 26. Kg2 Nxf1 27. a4 Ra1 28. Rd6 Nxe3+ 29. fxe3 Rxa4 30. Kg3 Ra3 31. Kf3 Ra8 32. Rb6 Kg7 33. Rb5 h6 34. h3 Ra4 35. Rb8 Ra6 36. Rb5 Ra8 37. Rc5 Ra4 38. Rc8 Ra5 39. Rb8 Rd5 40. Ra8 Rd6 41. Rb8 Ra6 42. Rb5 Kg6 43. h4 f5 44. hxg5 hxg5 45. gxf5+ exf5 46. Rb8 Ra3 47. Rg8+ Kh6 48. Rh8+ Kg7 49. Rb8 Ra2 50. Rc8 Kf7 51. Rc7+ Ke6 52. Rc8 g4+ 53. Kg3 Re2 54. Re8+ Kd6 55. Kh4 Rh2+ 56. Kg3 Re2 57. Kh4 Rg2 58. Rd8+ Ke5 59. Re8+ Kd6 60. Rd8+ Ke7 61. Ra8 Kf6 62. Rf8+ Kg6 63. Rg8+ Kf7 64. Ra8 Re2 65. e4 Rxe4 66. Kg5 Re5 67. Ra7+ Ke6 68. Ra6+ Kd7 69. Kf4 Rc5 70. Rb6 Rd5 71. Rf6 Ke7 72. Ra6 Rd6 73. Ra5 Rf6 74. Ra7+ Kf8 75. Ra8+ Kg7 76. Rb8 Kg6 77. Rg8+ Kh5 78. Ra8 Rb6 79. Rh8+ Kg6 80. Rg8+ Kf7 81. Ra8 Rf6 82. Rb8 Kg7 83. Ra8 Rf8 84. Ra6 Rf7 85. Rb6 Rf6 86. Rb8 Kg6 87. Rg8+ Kh5 88. Rh8+ Rh6 89. Ra8 Rh7 90. Rb8 Ra7 91. Rh8+ Kg6 92. Rg8+ Kf7 93. Rb8 Ra5 94. Rb6 Ke7 95. Rc6 Kd7 96. Rf6 Rc5 97. Ra6 Kc7 98. Rf6 Rd5 99. Rg6 Rd6 100. Rg7+ Rd7 101. Rg6 Rf7 102. Ra6 Kd7 103. Rb6 Ke8 104. Rb8+ Ke7 105. Rb6 Kf8 106. Ra6 Kg7 107. Rb6 Kh7 108. Ra6 Rg7 109. Kxf5 g3 110. Ra1 g2 111. Rg1 Kh6 112. Kf4 Kh5 113. Kf3 Kh4 114. Rxg2 Rxg2 115. Kxg2 1/2-1/2

[Event "Tata Steel-A 84th"]
[Site "Wijk aan Zee"]
[Date "2022.01.26"]
[Round "10"]
[White "Vidit, Santosh Gujrathi"]
[Black "Praggnanandhaa, Rameshbabu"]
[Result "0-1"]
[WhiteElo "2727"]
[BlackElo "2612"]
[PlyCount "156"]
[EventDate "2022.01.15"]
[EventType "tourn"]
[EventRounds "13"]
[EventCountry "NED"]
[EventCategory "20"]
[SourceTitle "CBM 206"]
[Source "ChessBase"]
[SourceDate "2022.02.28"]
[SourceVersion "1"]
[SourceVersionDate "2022.02.28"]
[SourceQuality "1"]

1. d4 Nf6 2. c4 e6 3. Nc3 Bb4 4. Qc2 O-O 5. a3 Bxc3+ 6. Qxc3 d5 7. Bg5 c5 8. dxc5 d4 9. Qf3 Nbd7 10. e3 h6 11. Bxf6 Nxf6 12. O-O-O e5 13. Ne2 d3 14. Nc3 Bg4 15. Rxd3 Qa5 16. Qg3 ({RR} 16. Qxb7 Rab8 17. Qc6 Rfc8 18. Qa4 Qxc5 19. Be2 Bxe2 20. Nxe2 Ne4 21. Rf1 Qb6 22. Qc2 Qc6 23. Kb1 Nc5 24. Rd5 Na4 25. b4 Nb6 26. Rc5 Qxg2 27. Rxc8+ Rxc8 28. Ng3 Nxc4 29. Ka1 Nd6 30. Qd3 Qc6 {Bok,B (2599)-Srihari,L (2495) chess.com INT 2024 ½-½ (62)}) 16... Qxc5 17. Rd2 $146 ({RR} 17. e4 Be6 18. Rd2 Rfc8 19. Kb1 b5 20. Qe3 Qxe3 21. fxe3 Bxc4 22. Bxc4 Rxc4 23. Nxb5 Nxe4 24. Rd5 a6 25. Nd6 Nxd6 26. Rxd6 Re4 27. Rd3 Rg4 28. Rd2 Re4 29. Rd3 Rg4 30. Rd2 Re4 31. Rd3 {½-½ (31) Wang,H (2763)-Grischuk,A (2777) Chess.com INT 2020}) 17... Be6 18. b4 Qc8 19. Qxe5 Bxc4 20. Kb2 a5 21. b5 Bxf1 22. Rxf1 Qc4 23. Rc1 a4 24. Nb1 Qb3+ 25. Ka1 Rac8 26. Rxc8 Rxc8 27. Qf5 Qc4 28. Rd4 Qc7 29. g3 b6 30. Rxa4 Nd7 31. Re4 g6 32. Qf4 Qc5 33. Qxh6 Qxb5 34. a4 Qc6 35. Qf4 Nc5 36. Rc4 Rd8 37. Rc2 Qh1 38. Qb4 Nxa4 39. Rd2 Rc8 40. Qe7 Qa8 41. Ra2 b5 42. Qb4 Qh1 43. Ra3 Qxh2 44. Qd2 Qh5 45. f4 Qf5 46. Qd3 Qf6+ 47. Qd4 Qe7 48. Rb3 Ra8 49. Ra3 Rd8 50. Qe5 Qxe5+ 51. fxe5 Re8 52. Rb3 Rxe5 53. Na3 Nc5 54. Rxb5 Rxe3 55. Nc4 Re1+ 56. Kb2 Ne4 57. g4 Re2+ 58. Kc1 Nf2 59. g5 Kg7 60. Nd2 Re8 61. Kb2 Rc8 62. Rd5 Nd1+ 63. Ka3 Ne3 64. Rd3 Nc4+ 65. Kb4 Nxd2 66. Rxd2 Rc1 67. Ra2 Kg8 68. Ra8+ Kh7 69. Ra2 Kg7 70. Ra5 Kf8 71. Ra7 Ke8 72. Ra5 Kd7 73. Ra6 Ke7 74. Ra2 Ke6 75. Ra5 Rf1 76. Ra6+ Ke5 77. Ra5+ Kf4 78. Kc3 Kg4 0-1